000 00336 a2200109 4500
001 ART_49745
005 20260410161936.0
008 260409a
245 1 0 _aAlberdi y Hayek
100 1 _aTagle, Manuel
773 0 _tAnales de la Academia Nacional de Ciencias Económicas
_g- Vol. XXXIV, (1989) (ene. 1989)
_wREV25596
999 _c29053
_d29053